Caricamento...
On gender, labor, and inequality /
"This project will present a retrospective of the scholarship of the influential sociologist Ruth Milkman, a charismatic and dynamic speaker and teacher as well as author. From her early work on women's labor history, job segregation by sex during World War II, and reversal of women's...
| Autore principale: | |
|---|---|
| Natura: | Printed Book |
| Lingua: | English |
| Pubblicazione: |
Urbana:
University of Illinois Press,
c2016.
|
| Serie: | Working class in American history
|
| Soggetti: |
| LEADER | 03644cam a2200373 i 4500 | ||
|---|---|---|---|
| 008 | 151207s2016 ilu b 001 0 eng | ||
| 010 | |a 2015046963 | ||
| 020 | |a 9780252040320 (hardback : alk. paper) | ||
| 020 | |a 9780252081774 (paperback : alk. paper) | ||
| 042 | |a pcc | ||
| 043 | |a n-us--- | ||
| 082 | 0 | 0 | |a 305.420973 |2 23 |
| 084 | |a SOC032000 |a POL013000 |a LAN012000 |2 bisacsh | ||
| 100 | 1 | |a Milkman, Ruth, | |
| 245 | 1 | 0 | |a On gender, labor, and inequality / |c Ruth Milkman. |
| 260 | |a Urbana: |b University of Illinois Press, |c c2016. | ||
| 300 | |a x, 308 pages : |b illustrations ; |c 24 cm. | ||
| 490 | 0 | |a Working class in American history | |
| 504 | |a Includes bibliographical references and index. | ||
| 520 | |a "This project will present a retrospective of the scholarship of the influential sociologist Ruth Milkman, a charismatic and dynamic speaker and teacher as well as author. From her early work on women's labor history, job segregation by sex during World War II, and reversal of women's work opportunities after the war through more recent work on the work challenges and organizing struggles of marginalized immigrant worker groups, Milkman has contributed significant perspectives to the study of work and unionism in the United States. This volume provides a foundation for anyone seeking to understand gender and labor issues in both historical and contemporary contexts. Milkman will provide a substantial introduction to the volume and frame the material by adding section introductions and headnotes. She will also update much of the material"-- | ||
| 520 | |a Ruth Milkman's groundbreaking research in women's labor history has contributed important perspectives on work and unionism in the United States. On Gender, Labor, and Inequality presents four decades of Milkman's essential writings, tracing the parallel evolutions of her ideas and the field she helped define. Milkman's introduction frames a career-spanning scholarly project: her interrogation of historical and contemporary intersections of class and gender inequalities in the workplace, and the efforts to challenge those inequalities. Early chapters focus on her pioneering work on women's labor during the Great Depression and the World War II years. In the book's second half, Milkman turns to the past fifty years, a period that saw a dramatic decline in gender inequality even as growing class imbalances created greater-than-ever class disparity among women. She concludes with a previously unpublished essay comparing the impact of the Great Depression and the Great Recession on women workers. | ||
| 650 | 0 | |a Sex discrimination against women |z United States |x History |y 20th century. | |
| 650 | 0 | |a Sexual division of labor |z United States |x History |y 20th century. | |
| 650 | 0 | |a Social classes |z United States |x History |y 20th century. | |
| 650 | 0 | |a Women |x Employment |z United States |x History |y 20th century. | |
| 650 | 7 | |a LANGUAGE ARTS & DISCIPLINES / Readers. | |
| 650 | 7 | |a POLITICAL SCIENCE / Labor & Industrial Relations. | |
| 650 | 7 | |a SOCIAL SCIENCE / Gender Studies. | |
| 776 | 0 | 8 | |i Online version: |a Milkman, Ruth, 1954- author. |t On gender, labor, and inequality |d Urbana, Chicago : University of Illinois Press, 2016 |z 9780252098581 |w (DLC) 2015048366 |
| 906 | |a 7 |b cbc |c orignew |d 1 |e ecip |f 20 |g y-gencatlg | ||
| 942 | |2 ddc |c BK | ||
| 955 | |b rm13 2015-12-07 |i rm13 2015-12-07 ONIX (telework) |a xn11 2016-09-24 1 copy rec'd., to CIP ver. | ||
| 999 | |c 178548 |d 178548 | ||
| 952 | |0 0 |1 0 |4 0 |6 305_420973000000000_MIL_O |7 0 |9 197844 |a WMS |b WMS |c GEN |d 2018-04-12 |e The Book Shop |i 1593 |l 1 |o 305.420973 MIl/O |p WMS1593 |r 2019-09-04 |s 2019-09-02 |w 2018-04-12 |y BK |k 22.99P | ||